Video Game Characters By Picture #2 - Statistics

General Stats
  • This quiz has been taken 269 times
  • The average score is 6 of 8
Answer Stats
Picture Answer % Correct
Pac-man
97%
Pikachu
95%
Yoshi
93%
Steve
87%
Link
86%
Crash Bandicoot
80%
Ezio
50%
Captain Price
36%
No matching quizzes found
Score Distribution
Percent of People with Each Score
Percentile by Number Answered
Your Score History
You have not taken this quiz